000 00608nam a22002057a 4500
003 OSt
005 20140310181804.0
008 130704t xxu||||| |||| 00| 0 eng d
020 _a0877799172
050 _aPC 2640
_b.M568 2000
082 _aREF 443
_bM55 2000
245 _aMerriam-Webster's French-English dictionary /
260 _aU.S.A :
_bMerriam - Webster, Incorporated,
_cc2000.
300 _a184 p. ;
_c17 cm.
520 _a1. French language--Dictionaries--English. 2. English language--Dictionaries--French.
521 _a
541 _j1
562 _e1
942 _2lcc
_cBK-GR
_kREF
999 _c3757
_d3757